[Event "28th Pula Open 2014"]
[Site "Pula CRO"]
[Date "2014.06.08"]
[Round "2.1"]
[White "Jovanovic, Zoran"]
[Black "Raguz, Dario"]
[Result "1-0"]
[WhiteTitle "GM"]
[WhiteElo "2556"]
[BlackElo "2141"]
[WhiteFideId "14505320"]
[BlackFideId "14515768"]
[EventDate "2014.06.07"]
[EventType "swiss"]

1. e4 c5 2. Nc3 g6 3. d4 cxd4 4. Qxd4 Nf6 5. Nf3 Nc6 6. Qa4 d6 7. e5 dxe5 8.
Nxe5 Bd7 9. Nxd7 Qxd7 10. Be3 Bg7 11. Rd1 Qc8 12. Be2 O-O 13. O-O e5 14. Bf3 Qe6
15. Rfe1 Rfc8 16. Nd5 e4 17. Nxf6+ Qxf6 18. Bxe4 Qxb2 19. Bd5 Qc3 20. Qf4 Qf6
21. Rb1 Rd8 22. c4 Rd7 23. Qxf6 Bxf6 24. Rxb7 Rxb7 25. Bxc6 Rab8 26. Bxb7 Rxb7
27. Bh6 Rb8 28. Kf1 Bg7 29. Be3 a5 30. Rc1 Kf8 31. c5 Be5 32. c6 Bc7 33. Rd1 Rc8
34. Bc5+ Kg7 35. Bd4+ f6 36. Bb2 Kf7 37. Rd7+ Ke6 38. Rxh7 Bb6 39. Rh3 Rxc6 40.
Rc3 Rxc3 41. Bxc3 f5 42. Ke2 Kd5 43. f3 a4 44. Kd3 Bf2 45. Bf6 Bg1 46. h3 Bc5
47. g4 fxg4 48. fxg4 Bf8 49. Ke3 Bh6+ 50. Kf3 Bd2 51. h4 Be1 52. Bg5 Bc3 53. Be3
Bf6 54. h5 gxh5 55. gxh5 Bg7 56. Kg4 Ke6 57. Kg5 Be5 58. Kg6 Ke7 59. h6 Kf8 60.
h7 Ke7 61. Bh6 1-0

[Event "28th Pula Open 2014"]
[Site "Pula CRO"]
[Date "2014.06.08"]
[Round "2.2"]
[White "Mestek, Igor"]
[Black "Bosiocic, Marin"]
[Result "0-1"]
[BlackTitle "GM"]
[WhiteElo "2130"]
[BlackElo "2543"]
[WhiteFideId "14602270"]
[BlackFideId "14507927"]
[EventDate "2014.06.07"]
[EventType "swiss"]

1. Nf3 d5 2. d3 Nf6 3. Nbd2 Nc6 4. c3 e5 5. e4 a5 6. Be2 Bc5 7. O-O O-O 8. Nxe5
Nxe5 9. d4 Nxe4 10. Nxe4 dxe4 11. dxc5 Nd3 12. Be3 Nxb2 13. Qc2 Nd3 14. Rad1 Qe8
15. Bxd3 exd3 16. Qxd3 Ra6 17. Bf4 Qc6 18. Qd8 Be6 19. a3 Qxc5 20. Qxc7 Qxc7 21.
Bxc7 f6 22. Rfe1 Kf7 23. Rd8 Rxd8 24. Bxd8 a4 25. Re4 Bd5 26. Rb4 Re6 27. h3
Re1+ 28. Kh2 Bc6 29. Bb6 Ra1 30. Bc5 Rxa3 31. Rxb7+ Bxb7 32. Bxa3 Ke6 33. c4 Ba6
34. g4 Bxc4 35. f4 f5 36. Kg3 Bd3 37. Kh4 Bf1 38. Bb2 g6 39. Kg3 Kd5 40. g5 Kc4
41. Kf2 Kb3 42. Ba1 Bxh3 43. Ke3 Kc2 44. Kd4 a3 45. Ke5 a2 0-1

[Event "28th Pula Open 2014"]
[Site "Pula CRO"]
[Date "2014.06.08"]
[Round "2.3"]
[White "Fercec, Nenad"]
[Black "Vasic, Bosko"]
[Result "1-0"]
[WhiteTitle "GM"]
[WhiteElo "2495"]
[BlackElo "2126"]
[WhiteFideId "14500299"]
[BlackFideId "14503972"]
[EventDate "2014.06.07"]
[EventType "swiss"]

1. e4 e6 2. d4 d5 3. Nc3 Bb4 4. e5 c5 5. a3 Bxc3+ 6. bxc3 Ne7 7. Qg4 O-O 8. Nf3
Qc7 9. Bd3 Nf5 10. O-O Nc6 11. a4 Bd7 12. Ba3 b6 13. dxc5 Nxe5 14. cxb6 Nxg4 15.
bxc7 Rfc8 16. h3 Nf6 17. g4 Rxc7 18. gxf5 exf5 19. Bd6 Rc6 20. Be5 Ne4 21. Kh2
Rh6 22. Bb5 Be6 23. Rg1 f4 24. Rxg7+ Kf8 25. Ng5 Nxg5 26. Rxg5 f6 27. Bd6+ Kf7
28. Rg2 Rxh3+ 29. Kg1 Rxc3 30. Re1 Rxc2 31. Bd7 Bxd7 32. Re7+ 1-0

[Event "28th Pula Open 2014"]
[Site "Pula CRO"]
[Date "2014.06.08"]
[Round "2.5"]
[White "Tratar, Marko"]
[Black "Saradjen, Janko"]
[Result "1-0"]
[WhiteTitle "GM"]
[WhiteElo "2484"]
[BlackElo "2115"]
[WhiteFideId "14600684"]
[BlackFideId "14601818"]
[EventDate "2014.06.07"]
[EventType "swiss"]

1. d4 Nf6 2. c4 e6 3. g3 Bb4+ 4. Bd2 Bxd2+ 5. Qxd2 O-O 6. Bg2 d5 7. Nf3 Nbd7 8.
O-O Re8 9. Rd1 c6 10. Ne5 Qb6 11. e3 Nxe5 12. dxe5 Nd7 13. Qc3 a5 14. Nd2 Qa7
15. a4 Qb8 16. f4 b5 17. axb5 cxb5 18. cxd5 b4 19. Qd4 Nf8 20. e4 Rd8 21. Nc4
Bb7 22. Nxa5 Qc7 23. Qxb4 Rdb8 24. Rdc1 Qd7 25. Qd2 Qb5 26. Bf1 Qb6+ 27. Qf2
Qxf2+ 28. Kxf2 exd5 29. Nxb7 Rxa1 30. Rxa1 Rxb7 31. exd5 Rxb2+ 32. Ke3 Rxh2 33.
Ra8 g6 34. e6 1-0

[Event "28th Pula Open 2014"]
[Site "Pula CRO"]
[Date "2014.06.08"]
[Round "2.6"]
[White "Krsnik Cohar, Ivan Vihor"]
[Black "Kovacevic, Blazimir"]
[Result "0-1"]
[BlackTitle "IM"]
[WhiteElo "2106"]
[BlackElo "2474"]
[WhiteFideId "14520044"]
[BlackFideId "14502712"]
[EventDate "2014.06.07"]
[EventType "swiss"]

1. d4 d5 2. Bf4 c5 3. e3 Nc6 4. c3 Qb6 5. Qb3 c4 6. Qc2 Bf5 7. Qc1 e6 8. Be2 Nf6
9. Nf3 h6 10. Nbd2 Be7 11. Ne5 Nxe5 12. Bxe5 O-O 13. O-O Qc6 14. f3 b5 15. e4
Bh7 16. Qe1 Nd7 17. Bf4 Nb6 18. Bd1 a5 19. Bc2 Rfe8 20. Qg3 Kh8 21. Rfe1 b4 22.
Re2 Bf8 23. Qh3 a4 24. a3 bxc3 25. bxc3 f6 26. g4 e5 27. dxe5 fxe5 28. Bg3 d4
29. Ree1 d3 30. Bd1 Bxa3 31. Nb1 Bb2 32. Ra2 a3 33. Bf2 Na4 34. Nxa3 Bxc3 35.
Bxa4 Rxa4 36. Rb1 Bb4 37. Nxc4 Rxa2 38. Rxb4 Rxf2 0-1

[Event "28th Pula Open 2014"]
[Site "Pula CRO"]
[Date "2014.06.08"]
[Round "2.7"]
[White "Zufic, Miroslav"]
[Black "Ivanovic, Andrej"]
[Result "1-0"]
[WhiteTitle "IM"]
[WhiteElo "2470"]
[BlackElo "2106"]
[WhiteFideId "14506157"]
[BlackFideId "14604418"]
[EventDate "2014.06.07"]
[EventType "swiss"]

1. e4 e6 2. d4 d5 3. Nc3 Bb4 4. e5 b6 5. a3 Bf8 6. Nf3 Nc6 7. Bb5 Bb7 8. Ne2 Qd7
9. O-O O-O-O 10. Qd3 Kb8 11. b4 h6 12. Ba6 Ba8 13. c3 g5 14. a4 f5 15. a5 Nge7
16. Nd2 Ng6 17. Nb3 Ncxe5 18. dxe5 Nxe5 19. Qc2 Bd6 20. Nc5 bxc5 21. bxc5 Bxc5
22. Qb3+ Bb6 23. axb6 cxb6 24. Nd4 Rhe8 25. Bb5 Nc6 26. Qa4 Rc8 27. Ba3 Rc7 28.
Rfb1 e5 29. Nxc6+ Bxc6 30. Bxc6 Rxc6 31. Rxb6+ axb6 32. Bd6+ 1-0

[Event "28th Pula Open 2014"]
[Site "Pula CRO"]
[Date "2014.06.08"]
[Round "2.8"]
[White "Grguric, Dragan"]
[Black "Fodor, Tamas Jr."]
[Result "0-1"]
[BlackTitle "GM"]
[WhiteElo "2099"]
[BlackElo "2462"]
[WhiteFideId "14502674"]
[BlackFideId "723762"]
[EventDate "2014.06.07"]
[EventType "swiss"]

1. e4 e6 2. d4 d5 3. e5 c5 4. c3 Nc6 5. Nf3 Qb6 6. a3 c4 7. Nbd2 Na5 8. g3 Bd7
9. Bg2 Ne7 10. O-O h6 11. Rb1 Qc7 12. Re1 Nc8 13. Nf1 Nb6 14. Ne3 O-O-O 15. Nd2
g5 16. Qf3 Ba4 17. g4 Bg7 18. Ndf1 Rhf8 19. Qe2 f6 20. exf6 Bxf6 21. Ng3 Qh7 22.
Bd2 Be8 23. Nef1 Rd6 24. f4 Nb3 25. f5 Bd7 26. Ne3 e5 27. Nxd5 exd4 28. Nxb6+
Rxb6 29. Qxc4+ Kb8 30. Rbd1 Rc8 31. Qe2 Bb5 32. Qf3 Nxd2 33. Rxd2 dxc3 34. Rc2
Bc6 35. Ne4 Bd4+ 36. Kh1 cxb2 37. Qf1 Qd7 38. f6 Bxe4 39. Rxc8+ Qxc8 40. Bxe4
Bxf6 0-1

[Event "28th Pula Open 2014"]
[Site "Pula CRO"]
[Date "2014.06.08"]
[Round "2.9"]
[White "Drazic, Sinisa"]
[Black "Konic, Zlatko"]
[Result "1-0"]
[WhiteTitle "GM"]
[WhiteElo "2433"]
[BlackElo "2103"]
[WhiteFideId "901172"]
[BlackFideId "14507137"]
[EventDate "2014.06.07"]
[EventType "swiss"]

1. c3 d5 2. Nf3 Nf6 3. d4 e6 4. Bg5 Be7 5. Nbd2 O-O 6. Bxf6 Bxf6 7. e4 dxe4 8.
Nxe4 b6 9. Bd3 Bb7 10. Qe2 a5 11. O-O-O Qe7 12. h4 Nd7 13. Nfg5 g6 14. f4 c5 15.
h5 Bxe4 16. Nxe4 Rfc8 17. Bb5 Nf8 18. dxc5 bxc5 19. a4 Bg7 20. g4 Rab8 21. hxg6
hxg6 22. Nd6 Rd8 23. Nc4 Qc7 24. Qe3 Rd5 25. Kc2 Rbd8 26. Rd2 Rxd2+ 27. Nxd2 Nd7
28. Nc4 Nf6 29. Qf3 Nd7 30. Rd1 Nf6 31. Rf1 Nd5 32. Qe4 Qb7 33. Kb3 Qc7 34. Rf2
Nf6 35. Qf3 Rd5 36. Qg2 Qd8 37. Ka2 Rd1 38. Ne3 Rd6 39. f5 Nd5 40. fxg6 fxg6 41.
Qe4 Nxe3 42. Qxe3 Qb6 43. Qe4 c4 44. Re2 e5 45. Qxc4+ Kf8 46. g5 Ke7 47. Qg8 1-0

[Event "28th Pula Open 2014"]
[Site "Pula CRO"]
[Date "2014.06.08"]
[Round "2.10"]
[White "Vrhovnik, Damir"]
[Black "Rukavina, Josip"]
[Result "1/2-1/2"]
[BlackTitle "IM"]
[WhiteElo "2095"]
[BlackElo "2410"]
[WhiteFideId "14526956"]
[BlackFideId "14500191"]
[EventDate "2014.06.07"]
[EventType "swiss"]

1. Nf3 Nf6 2. c4 g6 3. b4 Bg7 4. Bb2 O-O 5. e3 d6 6. d4 e5 7. dxe5 Ng4 8. Be2
Nxe5 9. Nxe5 dxe5 10. O-O Qxd1 11. Rxd1 Be6 12. Nc3 Nc6 1/2-1/2

[Event "28th Pula Open 2014"]
[Site "Pula CRO"]
[Date "2014.06.08"]
[Round "2.11"]
[White "Lizak, Peter"]
[Black "Foglia, Maurizio"]
[Result "1-0"]
[WhiteTitle "IM"]
[WhiteElo "2401"]
[BlackElo "2095"]
[WhiteFideId "731595"]
[BlackFideId "806838"]
[EventDate "2014.06.07"]
[EventType "swiss"]

1. d4 Nf6 2. Nf3 c5 3. d5 b5 4. c4 d6 5. cxb5 a6 6. e3 g6 7. Nc3 Bg7 8. a4 O-O
9. Be2 axb5 10. Bxb5 Na6 11. O-O Nb4 12. e4 Ba6 13. Qe2 Nd7 14. Bd2 Bxb5 15.
Nxb5 Bxb2 16. Rab1 Bg7 17. Bxb4 cxb4 18. Rxb4 Qa5 19. Rfb1 Nc5 20. Nfd4 Bxd4 21.
Nxd4 Qc7 22. Qc2 Rfc8 23. Nc6 e6 24. h4 exd5 25. exd5 Re8 26. h5 f5 27. a5 Qf7
28. Qd2 gxh5 29. Qg5+ Kh8 30. Rf4 Rf8 31. Ne7 Ne4 32. Qh4 Qf6 33. Qxf6+ Rxf6 34.
Ra1 Nc5 35. Rxf5 Rxf5 36. Nxf5 Nb3 37. Ra3 Nxa5 38. Nxd6 Ra7 39. Nc4 1-0

[Event "28th Pula Open 2014"]
[Site "Pula CRO"]
[Date "2014.06.08"]
[Round "2.12"]
[White "Gorupec, Mladen"]
[Black "Maier, Christian"]
[Result "0-1"]
[BlackTitle "IM"]
[WhiteElo "2086"]
[BlackElo "2369"]
[WhiteFideId "14529629"]
[BlackFideId "4601955"]
[EventDate "2014.06.07"]
[EventType "swiss"]

1. e4 e6 2. d4 d5 3. exd5 exd5 4. c4 Nf6 5. Nc3 Bb4 6. Bd3 O-O 7. Ne2 dxc4 8.
Bxc4 a6 9. O-O b5 10. Bb3 Bb7 11. Bg5 Bd6 12. Ng3 h6 13. Be3 b4 14. Nce2 Ng4 15.
Qd3 Qh4 16. h3 Nxe3 17. Qxe3 g6 18. f4 Nd7 19. Qd3 Kg7 20. f5 Qg5 21. Ne4 Bxe4
22. Qxe4 Rae8 23. Qd3 Re3 24. Qd2 Nf6 25. Bc2 Rfe8 26. Rae1 Bh2+ 27. Kh1 Bg3 28.
Nxg3 Rxe1 29. Qf2 Qxg3 30. Qxg3 Rxf1+ 31. Kh2 Ree1 0-1

[Event "28th Pula Open 2014"]
[Site "Pula CRO"]
[Date "2014.06.08"]
[Round "2.13"]
[White "Jurman, Roberto"]
[Black "Bontempi, Piero"]
[Result "0-1"]
[BlackTitle "FM"]
[WhiteElo "2078"]
[BlackElo "2361"]
[WhiteFideId "14509261"]
[BlackFideId "809250"]
[EventDate "2014.06.07"]
[EventType "swiss"]

1. c4 e5 2. Nc3 Nc6 3. g3 Bc5 4. Bg2 d6 5. Nf3 f5 6. d3 Nf6 7. O-O O-O 8. Bg5 h6
9. Bxf6 Qxf6 10. Nd5 Qf7 11. e3 a6 12. Ne1 Nd8 13. b4 Ba7 14. Rb1 c6 15. Nc3 Ne6
16. Qe2 g5 17. b5 axb5 18. cxb5 d5 19. Kh1 f4 20. a4 Qg7 21. Nd1 g4 22. f3 h5
23. gxf4 exf4 24. Rg1 fxe3 25. bxc6 Bb8 26. fxg4 hxg4 27. Bf3 Nd4 28. Qxe3 Nxf3
29. Nxf3 Rxf3 30. Qe2 Qe5 31. Qc2 Bf5 32. Nb2 Qf4 33. Rg2 Be5 34. Rbg1 Bd4 0-1

[Event "28th Pula Open 2014"]
[Site "Pula CRO"]
[Date "2014.06.08"]
[Round "2.14"]
[White "Schnider, Gert"]
[Black "Novak, Ksenija"]
[Result "1-0"]
[WhiteTitle "FM"]
[BlackTitle "WFM"]
[WhiteElo "2354"]
[BlackElo "2086"]
[WhiteFideId "1606310"]
[BlackFideId "14604272"]
[EventDate "2014.06.07"]
[EventType "swiss"]

1. c4 e5 2. g3 d5 3. cxd5 Qxd5 4. Nf3 Nf6 5. Nc3 Qa5 6. Bg2 Be7 7. O-O O-O 8. a3
e4 9. Ne1 Bf5 10. d3 Rd8 11. Qb3 exd3 12. Bxb7 dxe2 13. Nxe2 Nbd7 14. Bxa8 Rxa8
15. Ng2 Bg4 16. Nd4 Qc5 17. Be3 Rb8 18. Qc3 Ne5 19. f4 Nc4 20. Rac1 Nxe3 21.
Qxe3 Nd5 22. Qf2 Qd6 23. Nc6 Rb3 24. Nxe7+ Qxe7 25. Rfe1 Qd7 26. Ne3 Nxe3 27.
Rxe3 Rxe3 28. Qxe3 h5 29. Re1 Kh7 30. Qxa7 Qd2 31. Qf2 Qd5 32. h4 g6 33. Qe3 Bh3
34. Re2 Qd1+ 35. Kh2 Be6 36. Rd2 Qc1 37. Re2 Bd5 38. Qxc1 1-0

[Event "28th Pula Open 2014"]
[Site "Pula CRO"]
[Date "2014.06.08"]
[Round "2.15"]
[White "Haas, Peter"]
[Black "Dauth, Benjamin"]
[Result "0-1"]
[BlackTitle "FM"]
[WhiteElo "2074"]
[BlackElo "2345"]
[WhiteFideId "4654587"]
[BlackFideId "4688104"]
[EventDate "2014.06.07"]
[EventType "swiss"]

1. e4 e5 2. Nf3 Nc6 3. Nc3 Nf6 4. Bb5 d6 5. d4 exd4 6. Nxd4 Bd7 7. O-O Be7 8.
Bxc6 bxc6 9. b3 O-O 10. Bb2 Re8 11. Qd3 Bf8 12. Rae1 g6 13. f4 Bg7 14. h3 Qc8
15. Kh2 Qb7 16. Bc1 Qb4 17. e5 Nd5 18. Nxd5 cxd5 19. c3 Qb6 20. Nf3 Bb5 21. c4
dxc4 22. bxc4 Ba6 23. Be3 Qc6 24. Qa3 dxe5 25. Nxe5 Bxe5 26. fxe5 Rxe5 27. Bh6
Qd6 28. Qxd6 cxd6 29. Rxe5 dxe5 30. Rc1 Rc8 31. c5 Bb5 32. Be3 f5 33. a4 Bc6 34.
Bh6 Rb8 0-1

[Event "28th Pula Open 2014"]
[Site "Pula CRO"]
[Date "2014.06.08"]
[Round "2.16"]
[White "Mihalincic, Tomislav"]
[Black "Zuttioni, Federico"]
[Result "1-0"]
[WhiteTitle "FM"]
[WhiteElo "2317"]
[BlackElo "2081"]
[WhiteFideId "14503867"]
[BlackFideId "849596"]
[EventDate "2014.06.07"]
[EventType "swiss"]

1. e4 c5 2. Nf3 d6 3. d4 cxd4 4. Nxd4 Nf6 5. Nc3 e6 6. Be2 a6 7. a4 Nc6 8. f4
Qc7 9. Be3 Be7 10. O-O O-O 11. Nb3 b6 12. Bf3 Bb7 13. g4 g5 14. fxg5 Nd7 15. Be2
Nce5 16. Qe1 Nc5 17. Nxc5 bxc5 18. Bf4 Ng6 19. Qd2 Rfd8 20. Bg3 Bf8 21. Bf3 Bg7
22. a5 Bc6 23. Ra2 Qb7 24. Re1 Ne5 25. Qe2 Qb4 26. Bxe5 Bxe5 27. Qd2 Rab8 28.
Kg2 Rd7 29. Qd3 Qb7 30. Qe2 Qa8 31. Nd1 Rdb7 32. b3 Rb5 33. Qd2 Rb4 34. Qd3 Bb5
35. Qd2 Bc6 36. Qd3 Bb5 37. Qd2 Bc6 38. Qe2 Bb5 39. Qe3 c4 40. Ra3 cxb3 41. Rxb3
Rxb3 42. cxb3 Qb7 43. Nf2 Rc8 44. Rc1 Rb8 45. b4 Bd7 46. Nd3 Bg7 47. e5 d5 48.
Nc5 Qa7 49. Qc3 Bb5 50. h4 Qc7 51. Re1 Rc8 52. Qd4 Bf8 53. Rc1 Bc4 54. Rxc4 dxc4
55. Ne4 Bxb4 56. Nf6+ Kf8 57. Nxh7+ Ke7 58. Qf4 Kd8 59. Qd4+ Ke7 60. g6 fxg6 61.
Qf4 Rd8 62. Qf6+ Kd7 63. Qf7+ Be7 64. Nf6+ Kc8 65. Qxe6+ Kb8 66. Qxa6 Rd2+ 67.
Kh3 Qa7 68. Qb5+ Kc7 69. Qxc4+ Qc5 70. Nd5+ Rxd5 71. Qxd5 Qf2 72. Qb7+ Kd8 73.
Qa8+ Kd7 74. Qc6+ Kd8 75. Qb6+ Qxb6 76. axb6 Bc5 77. b7 Ba7 78. g5 1-0

[Event "28th Pula Open 2014"]
[Site "Pula CRO"]
[Date "2014.06.08"]
[Round "2.17"]
[White "Siljan, Milorad"]
[Black "Kastelic, Marian"]
[Result "1/2-1/2"]
[BlackTitle "FM"]
[WhiteElo "2073"]
[BlackElo "2311"]
[WhiteFideId "14512629"]
[BlackFideId "14602245"]
[EventDate "2014.06.07"]
[EventType "swiss"]

1. e4 c5 2. Nf3 d6 3. d4 cxd4 4. Nxd4 Nf6 5. Nc3 a6 6. Be2 e5 7. Nb3 Be6 8. f4
Qc7 9. f5 Bc4 10. Bxc4 Qxc4 11. Qd3 Qxd3 12. cxd3 Nbd7 13. Bg5 Be7 14. Bxf6 Nxf6
15. Nd2 b5 16. a3 Kd7 17. Nf1 d5 18. exd5 Bc5 19. Ne4 Bd4 20. Nxf6+ gxf6 21.
O-O-O Rag8 22. Rd2 Rg5 23. Kb1 Rxf5 24. Ng3 Rf4 25. Nh5 Rf5 26. Ng3 Rf4 27. Nh5
Rh4 28. Nxf6+ Ke7 29. g3 Rh6 30. Ne4 f5 31. Nc3 Kd6 32. Rf1 Rh5 33. g4 Bxc3 34.
bxc3 fxg4 35. Rf6+ Kxd5 36. Rxa6 Rf8 37. Rb2 Kc5 38. Ra5 Rf1+ 39. Ka2 Rf3 40.
Raxb5+ Kd6 41. Rb6+ Ke7 42. Rd2 Rhh3 43. Kb3 e4 44. Re2 Rxd3 45. Rxe4+ Kd7 46.
Rc4 h5 47. Rc5 Rxh2 48. Kc4 Rd1 49. Rb7+ Ke6 50. Rh7 g3 51. Rh6+ Kd7 52. Rh7+
Kd6 53. Rh6+ 1/2-1/2

[Event "28th Pula Open 2014"]
[Site "Pula CRO"]
[Date "2014.06.08"]
[Round "2.18"]
[White "Franciskovic, Borka"]
[Black "Wagner, Rainer"]
[Result "1-0"]
[WhiteTitle "WIM"]
[WhiteElo "2310"]
[BlackElo "2074"]
[WhiteFideId "14507943"]
[BlackFideId "24612600"]
[EventDate "2014.06.07"]
[EventType "swiss"]

1. c4 c6 2. Nf3 d5 3. g3 Nf6 4. Bg2 g6 5. O-O Bg7 6. d4 O-O 7. Nbd2 Nbd7 8. b3
e5 9. dxe5 Ng4 10. cxd5 cxd5 11. Bb2 Ndxe5 12. Nd4 h5 13. h4 Nf6 14. Rc1 Bd7 15.
Ne6 Bxe6 16. Bxe5 Qa5 17. Nf3 Ne4 18. Bxg7 Kxg7 19. Qd4+ Kg8 20. Qb2 Rac8 21.
Nd4 Qb6 22. Nxe6 Qxe6 23. Qd4 b6 24. Rfd1 Qf5 25. Bf3 Nf6 26. Kg2 Rfd8 27. e3
Kg7 28. Qb2 Kh7 29. Rd4 Rxc1 30. Qxc1 Rc8 31. Qd1 Rc2 32. Rf4 1-0

[Event "28th Pula Open 2014"]
[Site "Pula CRO"]
[Date "2014.06.08"]
[Round "2.19"]
[White "Mueller, Peter2"]
[Black "Doric, Nenad"]
[Result "0-1"]
[BlackTitle "IM"]
[WhiteElo "2054"]
[BlackElo "2303"]
[WhiteFideId "4626010"]
[BlackFideId "14501694"]
[EventDate "2014.06.07"]
[EventType "swiss"]

1. e4 c5 2. Nf3 Nc6 3. d4 cxd4 4. Nxd4 Qb6 5. Nb3 Nf6 6. Nc3 e6 7. Be3 Qc7 8.
Qd2 Bb4 9. f3 d5 10. a3 Bxc3 11. Qxc3 dxe4 12. fxe4 O-O 13. Bd3 Ng4 14. Bd2 b6
15. Be2 Nf6 16. Bf3 e5 17. O-O-O Be6 18. Bg5 Nd7 19. Be3 Rfc8 20. g4 Na5 21.
Nxa5 Qxc3 22. bxc3 bxa5 23. Rd3 Nb6 24. Bxb6 axb6 25. Rhd1 Kf8 26. Kb2 Ke7 27.
Rd6 Rab8 28. g5 Rd8 29. R6d3 Bc4 30. Re3 Rxd1 31. Bxd1 Rd8 32. Kc1 Rd6 33. Bg4
h6 34. gxh6 Rxh6 35. h3 Rf6 36. Bc8 Rf1+ 37. Kb2 g6 38. Bb7 Rf4 39. Bc8 Kd6 40.
Bb7 Kc7 41. Ba8 Rh4 42. Rf3 Be6 43. Rf6 Rf4 44. Rxf4 exf4 45. e5 Bxh3 0-1

[Event "28th Pula Open 2014"]
[Site "Pula CRO"]
[Date "2014.06.08"]
[Round "2.20"]
[White "Doncevic, Dario"]
[Black "Erlandsen, Carsten"]
[Result "1/2-1/2"]
[WhiteTitle "IM"]
[WhiteElo "2294"]
[BlackElo "2060"]
[WhiteFideId "14504553"]
[BlackFideId "1402536"]
[EventDate "2014.06.07"]
[EventType "swiss"]

1. c4 c5 2. g3 g6 3. Bg2 Bg7 4. Nc3 Nc6 5. a3 d6 6. Rb1 Bf5 7. d3 Qd7 8. h3 h5
9. Bd2 Rc8 10. Nf3 b6 11. Ng5 Nf6 12. e4 Be6 13. Nxe6 Qxe6 14. Nd5 Nd4 15. h4
Qd7 16. Bh3 e6 17. O-O Ng8 18. Bg5 Qb7 19. Nc3 Ne7 20. Bg2 Qd7 21. Ne2 Nec6 22.
Be3 O-O 23. b4 Nxe2+ 24. Qxe2 Nd4 25. Bxd4 1/2-1/2

[Event "28th Pula Open 2014"]
[Site "Pula CRO"]
[Date "2014.06.08"]
[Round "2.21"]
[White "Vincenzi, Marco"]
[Black "Jusic, Zdenko"]
[Result "0-1"]
[BlackTitle "IM"]
[WhiteElo "2047"]
[BlackElo "2289"]
[WhiteFideId "814679"]
[BlackFideId "14501902"]
[EventDate "2014.06.07"]
[EventType "swiss"]

1. d4 Nf6 2. c4 d6 3. Nc3 Nbd7 4. e4 e5 5. Nf3 c6 6. Be2 Be7 7. O-O O-O 8. Qc2
h6 9. Rd1 Qc7 10. b3 Re8 11. Bb2 Nf8 12. dxe5 dxe5 13. Rd2 Ng6 14. g3 Bg4 15.
Rad1 a5 16. a3 Rac8 17. Kg2 Nd7 18. h3 Be6 19. Na4 Nc5 20. Nxc5 Bxc5 21. Ne1 Qe7
22. Bh5 Qg5 23. Bxg6 Qxg6 24. Nf3 Qh5 25. Ng1 b5 26. Qc3 a4 27. b4 Bd4 28. Rxd4
exd4 29. Qxd4 Qg6 30. Re1 Bxc4 31. Nf3 Rcd8 32. Qe3 Rd3 33. Qf4 Rb3 34. Nh4 Qg5
35. Bc1 Qxf4 36. gxf4 Rd8 37. Nf5 Rdd3 38. Ne3 Rb1 39. Nf5 Kf8 40. Rg1 Be6 41.
Ng3 Rc3 42. Ne2 Rc2 43. Kf3 Bc4 0-1

[Event "28th Pula Open 2014"]
[Site "Pula CRO"]
[Date "2014.06.08"]
[Round "2.22"]
[White "Kaczur, Florian"]
[Black "Kirbis, Milan"]
[Result "1-0"]
[WhiteElo "2289"]
[BlackElo "2047"]
[WhiteFideId "705098"]
[BlackFideId "14602431"]
[EventDate "2014.06.07"]
[EventType "swiss"]

1. e4 c5 2. Nf3 Nc6 3. d4 cxd4 4. Nxd4 Nf6 5. Nc3 e5 6. Ndb5 d6 7. Bg5 a6 8. Na3
b5 9. Nd5 Be7 10. Bxf6 gxf6 11. Bd3 Be6 12. c3 f5 13. Nc2 f4 14. g3 fxg3 15.
hxg3 Bf8 16. Nce3 Rb8 17. b4 h6 18. a4 Bg7 19. axb5 axb5 20. Nf5 Bxf5 21. exf5
O-O 22. Qg4 f6 23. Rxh6 e4 24. Rg6 Qd7 25. Bc2 Ne5 26. Qh5 Nxg6 27. Bb3 1-0

[Event "28th Pula Open 2014"]
[Site "Pula CRO"]
[Date "2014.06.08"]
[Round "2.23"]
[White "Skok, Boris"]
[Black "Papp, Tamas1"]
[Result "1/2-1/2"]
[BlackTitle "FM"]
[WhiteElo "2028"]
[BlackElo "2276"]
[WhiteFideId "14602172"]
[BlackFideId "725447"]
[EventDate "2014.06.07"]
[EventType "swiss"]

1. Nf3 Nf6 2. g3 d5 3. d3 Bg4 4. Bg2 Nbd7 5. h3 Bh5 6. g4 Bg6 7. Nh4 e6 8. Nd2
Bd6 9. e3 Ng8 10. Nxg6 hxg6 11. Nf3 c6 12. Qe2 Qc7 13. Bd2 Ngf6 14. O-O-O O-O-O
15. Kb1 Kb8 16. Nd4 e5 17. Nb3 Rhe8 18. Rc1 Nc5 19. Ba5 b6 20. Bd2 Nfd7 21. Rhd1
f5 22. Nxc5 Nxc5 23. Rg1 Qf7 24. f3 f4 25. e4 d4 26. Rgd1 Kb7 27. Be1 Ne6 28.
Bf2 c5 29. c3 dxc3 30. bxc3 Rc8 31. Ka1 Qd7 32. Bf1 Qa4 33. Rb1 Red8 34. Qb2 Ka8
35. Qb3 Qxb3 36. axb3 Be7 37. Kb2 Rh8 38. Bg2 Rcd8 39. Kc2 Kb7 40. Rh1 Bh4 41.
Bg1 Kc6 42. b4 a6 43. Bf1 cxb4 44. Rxb4 b5 45. d4 exd4 46. cxd4 Kb7 47. Bd3 Be7
48. Rb3 Nxd4+ 49. Bxd4 Rxd4 50. e5 g5 51. Be4+ Kb6 52. Rc3 Bc5 53. e6 Rd6 54.
Bf5 g6 55. Bxg6 Rxe6 56. Be4 Reh6 57. Rd1 Rxh3 58. Rd7 Rb8 59. Rg7 Rh2+ 60. Kb3
Bd4 61. Rc6+ Ka5 62. Rxg5 Re2 63. Rd5 Rd8 64. Rxa6+ Kxa6 65. Rxd8 Rb2+ 66. Ka3
b4+ 67. Ka4 Bc3 68. Rd6+ 1/2-1/2

[Event "28th Pula Open 2014"]
[Site "Pula CRO"]
[Date "2014.06.08"]
[Round "2.24"]
[White "Zvan, Ziga"]
[Black "Pasalic, Enio"]
[Result "1/2-1/2"]
[WhiteTitle "FM"]
[WhiteElo "2274"]
[BlackElo "2041"]
[WhiteFideId "14602814"]
[BlackFideId "14513439"]
[EventDate "2014.06.07"]
[EventType "swiss"]

1. d4 Nf6 2. c4 e6 3. Nf3 b6 4. Bg5 Bb4+ 5. Nbd2 h6 6. Bxf6 Qxf6 7. e3 Bb7 8.
Be2 O-O 9. O-O c5 10. a3 Bxd2 11. Qxd2 d6 12. b4 Nc6 13. Rab1 cxd4 14. exd4 Ne7
15. Rfd1 Be4 16. Rb3 g5 17. Ne1 Ng6 18. Bf3 Bxf3 19. Rxf3 Qe7 20. Nc2 Rac8 21.
Rc3 f5 22. Re1 Qf6 23. c5 bxc5 24. bxc5 dxc5 25. dxc5 Rfd8 26. Qe3 Nf4 27. Rc4
Rd3 28. Qc1 Rc3 29. Qb2 Nh3+ 30. Kf1 Rf3 31. Rb1 Rxf2+ 32. Ke1 Qxb2 33. Rxb2 Rf4
34. Rbb4 a5 35. Ra4 Rxc4 36. Rxc4 Nf4 37. c6 Nd3+ 38. Kd2 Ne5 39. Rc5 Nxc6 40.
Kc3 Ne7 41. Rxc8+ Nxc8 42. Nd4 Kf7 43. Nc6 a4 44. Kb4 Kf6 45. Kxa4 f4 46. Kb5 g4
47. Kc4 Nb6+ 48. Kd4 Nd7 49. a4 e5+ 50. Ke4 Nc5+ 51. Kd5 Nxa4 52. Nxe5 Kf5 53.
Kd4 Nb2 54. Nf7 h5 55. Nd6+ Kg5 56. Ke4 Nd1 57. Nf7+ Kf6 58. Ne5 Ne3 59. g3 fxg3
60. hxg3 Nf1 61. Kf4 Nh2 62. Nd7+ Kg6 63. Ne5+ 1/2-1/2